000 01779nam a2200361 c 4500
999 _c114565
_d114565
003 BLK
005 20200827083119.0
008 180409b bul|||||r ||||||| ||bul||
010 _aKNG00119996000
040 _aBLK
041 _aBUL
_cBUL
080 _aЯпонска литература
_b821.521
_x-32
_z821.521-32
139 _aЕсенен пейзаж : 10 япон. разказвачи
_bЕ 86
245 1 0 _aЕсенен пейзаж : 10 япон. разказвачи
_bСб. разкази
_cсъстав. и предг. от Цветана Кръстева; прев. от япон. Дора Минчева Барова; * Вера Вутова; * Нели Чалъкова; * Ружица Угринова; * Цветана Кръстева.
257 _aJAP
260 _aСофия
_bНар. култура
_c1985
300 _a304
_c17 см
380 _aX
490 _aБиблиотека Панорама
_v178
_9201932
490 _aСерия Проза
_v132
_9201933
500 _aСъдържа и кратки биогр. бел. за поместентие в сб. авт. - Други прев. : В. Вутова, Н. Чалъкова, Р. Угринова, Цв. Кръстева. - 15 125 тир.
700 1 _aКръстева, Цветана
_eсъстав. и предг. от
_9376224
700 1 _aБарова, Дора Минчева
_eпрев. от япон.
_9368178
700 1 _aВутова, Вера
_e*
_9376225
700 1 _aЧалъкова, Нели
_e*
_9366468
700 1 _aУгринова, Ружица
_e*
_9376226
700 1 _aКръстева, Цветана
_e*
_9376224
852 _aЦб І 21895
856 4 _qpdf
856 4 _qpdf
942 _cKNG
_n0
_s1
944 _aCR
_c19.10.2016
_kКина_Георгиева
944 _aED
_c19.10.2016
_kКина_Георгиева
999 _d114565